[Event "Ste-Foy 4 2024-25"]
[Site "Sainte-Foy CAN"]
[Date "2025.03.24"]
[Round "5"]
[White "Blais, Pierre-Luc"]
[Black "Savard, Alexandre"]
[Result "0-1"]
[WhiteElo "1439"]
[BlackElo "1779"]
[WhiteFideId "-1"]
[WhiteFideId "-1"]
[PlyCount "61"]
[GameId "2160154955680707"]
[EventDate "2025.02.24"]
[EventType "swiss"]
[EventRounds "5"]
[EventCountry "CAN"]

1. d4 Nf6 2. c4 e6 3. Nc3 Bb4 4. Nf3 c5 5. Qc2 Nc6 6. e3 d5 7. Bd3 dxc4 8. Bxc4 cxd4 9. exd4 O-O 10. Be3 Qc7 11. Bd3 e5 12. O-O Bxc3 13. Qxc3 e4 14. Bxe4 Nxe4 15. Qc4 Nd6 16. Qc5 b6 17. Qh5 Qd7 18. Rac1 Nf5 19. Bf4 g6 20. Qg4 Nfxd4 21. Qh4 Qg4 22. Qf6 Ne2+ 23. Kh1 Nxf4 24. Nh4 Bb7 25. Rc4 Nh5 26. Qc3 Qe6 27. Re1 Qf6 28. Qc2 Na5 29. Ra4 Nf4 30. Nf3 Nxg2 31. Ree4 0-1

[Event "Ste-Foy 4 2024-25"]
[Site "Sainte-Foy CAN"]
[Date "2025.03.24"]
[Round "5"]
[White "Breton, Sylvain"]
[Black "Pepin, Pierre-Luc"]
[Result "1-0"]
[WhiteElo "1247"]
[BlackElo "1059"]
[WhiteFideId "-1"]
[WhiteFideId "-1"]
[PlyCount "51"]
[GameId "2160154955680714"]
[EventDate "2025.02.24"]
[EventType "swiss"]
[EventRounds "5"]
[EventCountry "CAN"]
[TimeControl "5400+30"]

1. e4 e6 2. Nc3 Nf6 3. Bc4 d5 4. e5 dxc4 5. exf6 Qxf6 6. Qe2 c6 7. Qxc4 b6 8. Nge2 Bb7 9. b3 Bc5 10. Ne4 Qxa1 11. N4c3 Ba3 12. O-O Bxc1 13. Rxc1 Qb2 14. Qg4 Qa3 15. Qxg7 Qf8 16. Qe5 Na6 17. Nf4 O-O-O 18. Re1 Rxd2 19. Ne4 Rxc2 20. Nxe6 fxe6 21. Qxe6+ Kb8 22. Nf6 Bc8 23. Qe5+ Nc7 24. a4 Be6 25. Rd1 Bxb3 26. Nd7+ 1-0

[Event "Ste-Foy 4 2024-25"]
[Site "Sainte-Foy CAN"]
[Date "2025.03.24"]
[Round "5"]
[White "Couture, Francois"]
[Black "Tremblay, Charles"]
[Result "1-0"]
[WhiteElo "1268"]
[BlackElo "1503"]
[WhiteFideId "-1"]
[WhiteFideId "-1"]
[PlyCount "95"]
[GameId "2160154955680712"]
[EventDate "2025.02.24"]
[EventType "swiss"]
[EventRounds "5"]
[EventCountry "CAN"]
[TimeControl "5400+30"]

1. d4 e6 2. c4 d5 3. Nf3 Nf6 4. Nc3 Bb4 5. e3 Nbd7 6. Bd3 O-O 7. O-O Bxc3 8. bxc3 b6 9. Re1 Bb7 10. cxd5 Nxd5 11. Qc2 f5 12. Bd2 Rc8 13. c4 N5f6 14. Qb3 Kh8 15. Rac1 Ne4 16. Bc3 Nxc3 17. Qxc3 Qf6 18. e4 Qg6 19. Qc2 fxe4 20. Bxe4 Bxe4 21. Qxe4 Qxe4 22. Rxe4 Rf6 23. Rce1 Re8 24. Ng5 Nf8 25. d5 h6 26. Nxe6 Nxe6 27. Rxe6 Rfxe6 28. Rxe6 Rxe6 29. dxe6 Kg8 30. f4 g6 31. g4 Kf8 32. f5 gxf5 33. gxf5 Ke7 34. Kg2 a6 35. Kf3 Kf6 36. Ke4 c6 37. a4 h5 38. Kd4 h4 39. Kc3 Ke7 40. Kb4 h3 41. c5 b5 42. axb5 axb5 43. Kc3 Kf6 44. Kd4 Ke7 45. Ke5 Ke8 46. f6 b4 47. f7+ Kf8 48. Kd4 1-0

[Event "Ste-Foy 4 2024-25"]
[Site "Sainte-Foy CAN"]
[Date "2025.03.24"]
[Round "5"]
[White "Lizotte, Olivier"]
[Black "Dionne, Frederick"]
[Result "0-1"]
[WhiteElo "1078"]
[BlackElo "1302"]
[WhiteFideId "-1"]
[WhiteFideId "-1"]
[PlyCount "76"]
[GameId "2160154955680708"]
[EventDate "2025.02.24"]
[EventType "swiss"]
[EventRounds "5"]
[EventCountry "CAN"]

1. e4 e5 2. Nf3 Nc6 3. g3 f5 4. exf5 e4 5. Nh4 Nf6 6. Nc3 d5 7. d3 Bb4 8. Bd2 Nd4 9. Bg2 exd3 10. cxd3 Qe7+ 11. Be3 Bxf5 12. O-O Bg4 13. Nf3 Nf5 14. Bg5 Bxc3 15. bxc3 O-O 16. Re1 Qa3 17. Qb3 Qxb3 18. axb3 c6 19. Ne5 Bh5 20. h3 Nd6 21. g4 Be8 22. f4 Nb5 23. Rac1 h5 24. f5 Kh7 25. Bf3 Nd7 26. Nxd7 Bxd7 27. Re7 Bxf5 28. Be2 hxg4 29. hxg4 Bg6 30. Rxb7 Rae8 31. Re7 Rxe7 32. Bxe7 Re8 33. Kf2 Rxe7 34. d4 Nd6 35. Rh1+ Kg8 36. Bf3 Be4 37. Bxe4 Nxe4+ 38. Ke3 Ng3+ 0-1

[Event "Ste-Foy 4 2024-25"]
[Site "Sainte-Foy CAN"]
[Date "2025.03.24"]
[Round "5"]
[White "Renzo, Alain"]
[Black "Lebel, Michel"]
[Result "1-0"]
[WhiteElo "1295"]
[BlackElo "1025"]
[WhiteFideId "-1"]
[WhiteFideId "-1"]
[PlyCount "101"]
[GameId "2160154955680713"]
[EventDate "2025.02.24"]
[EventType "swiss"]
[EventRounds "5"]
[EventCountry "CAN"]
[TimeControl "5400+30"]

1. e4 e6 2. d4 Nf6 3. Nc3 Bb4 4. Nge2 Nxe4 5. Bd2 Nxd2 6. Qxd2 O-O 7. a3 Ba5 8. b4 Bb6 9. Na4 d5 10. Nxb6 axb6 11. Ng3 Nc6 12. Be2 e5 13. dxe5 Nxe5 14. O-O Bd7 15. Qxd5 Re8 16. Qd2 c5 17. c3 cxb4 18. cxb4 Rc8 19. Rfc1 Rc6 20. f4 Ng6 21. Bf3 Rf6 22. Rc4 b5 23. Rd4 Qb6 24. Kh1 Bc6 25. Bxc6 bxc6 26. Rd1 Kf8 27. f5 Ne7 28. Qg5 h6 29. Qg4 g5 30. fxg6 Rxg6 31. Qf3 Nd5 32. Ne4 Rge6 33. Nc5 Qd8 34. Nxe6+ Rxe6 35. Rf1 f6 36. Qh5 Qe7 37. Qxh6+ Ke8 38. Qd2 Re2 39. Qc1 Ne3 40. Rg1 Nxg2 41. Qxc6+ Kf7 42. Qd5+ Kf8 43. Qd8+ Kf7 44. Qxe7+ Rxe7 45. Rxg2 Re3 46. Ra2 Re5 47. Kg2 Ke6 48. Rad2 f5 49. Rd6+ Ke7 50. Rd7+ Ke6 51. R2d6# 1-0

[Event "Ste-Foy 4 2024-25"]
[Site "Sainte-Foy CAN"]
[Date "2025.03.24"]
[Round "5"]
[White "Soubeyrand, Maxence"]
[Black "Cantin, Guillaume"]
[Result "1/2-1/2"]
[WhiteElo "1063"]
[BlackElo "1163"]
[WhiteFideId "-1"]
[WhiteFideId "-1"]
[PlyCount "44"]
[GameId "2160154955680711"]
[EventDate "2025.02.24"]
[EventType "swiss"]
[EventRounds "5"]
[EventCountry "CAN"]

1. d4 Nf6 2. Bf4 c5 3. e3 cxd4 4. exd4 d5 5. Nf3 Nc6 6. c3 e6 7. Nbd2 h6 8. h3 Bd6 9. Bxd6 Qxd6 10. Bd3 O-O 11. O-O a6 12. Re1 Nd7 13. Qc2 e5 14. dxe5 Ndxe5 15. Rad1 Bd7 16. Nxe5 Nxe5 17. Re3 Rac8 18. Nf3 Nxd3 19. Qxd3 Bc6 20. c4 Rfd8 21. cxd5 Qxd5 22. Qxd5 Rxd5 1/2-1/2

[Event "Ste-Foy 4 2024-25"]
[Site "Sainte-Foy CAN"]
[Date "2025.03.24"]
[Round "5"]
[White "Soucy, Mathieu"]
[Black "Wafer, Jacques"]
[Result "1-0"]
[WhiteElo "1299"]
[BlackElo "1440"]
[WhiteFideId "-1"]
[WhiteFideId "-1"]
[PlyCount "65"]
[GameId "2160154955680710"]
[EventDate "2025.02.24"]
[EventType "swiss"]
[EventRounds "5"]
[EventCountry "CAN"]

1. e4 e5 2. Nf3 Nc6 3. d4 exd4 4. Bc4 h6 5. O-O Bc5 6. c3 dxc3 7. Bxf7+ Kxf7 8. Qd5+ Ke8 9. Qxc5 d6 10. Qxc3 Qf6 11. e5 dxe5 12. Nxe5 Nge7 13. Re1 Be6 14. Nxc6 Qxc3 15. Nxc3 Nxc6 16. Rxe6+ Kf7 17. Re4 Rhe8 18. Rxe8 Rxe8 19. Bf4 Ne5 20. Bxe5 Rxe5 21. g3 a6 22. Kf1 b5 23. a3 c5 24. Rd1 g5 25. Rd5 Ke6 26. Rxe5+ Kxe5 27. Ke2 Kd4 28. f4 g4 29. Nd1 h5 30. Ne3 Ke4 31. b3 a5 32. f5 Ke5 33. Kd3 1-0

[Event "Ste-Foy 5 2024-25"]
[Site "Quebec CAN"]
[Date "2025.04.07"]
[Round "1"]
[White "Barrera, Eduardo"]
[Black "Dionne, Frederick"]
[Result "1-0"]
[WhiteElo "1952"]
[BlackElo "1354"]
[WhiteFideId "-1"]
[WhiteFideId "-1"]
[PlyCount "57"]
[GameId "2165222718758995"]
[EventDate "2025.04.07"]
[EventType "swiss"]
[EventRounds "5"]
[EventCountry "CAN"]

1. e4 e5 2. Nf3 Nc6 3. Bc4 f5 4. exf5 e4 5. Nd4 Nf6 6. Nxc6 bxc6 7. Qe2 d5 8. Ba6 Bxf5 9. Bb7 Rb8 10. Bxc6+ Bd7 11. Bxd5 Rb6 12. Bxe4 Nxe4 13. Nc3 Bc5 14. Nxe4 O-O 15. O-O Re6 16. Qc4 Qh4 17. d3 Bb6 18. Bg5 Qh5 19. Be3 Kh8 20. Ng3 Qg6 21. Bxb6 cxb6 22. Rae1 Ref6 23. Qd4 Bc6 24. Re7 Rf4 25. Qe3 R4f6 26. Rxa7 Re8 27. Re7 Ref8 28. c4 Rf5 29. Re6 1-0

[Event "Ste-Foy 5 2024-25"]
[Site "Quebec CAN"]
[Date "2025.04.07"]
[Round "1"]
[White "Deschenes, Andre-Philippe"]
[Black "Houde, Louis-Thomas"]
[Result "0-1"]
[WhiteElo "1162"]
[BlackElo "1399"]
[WhiteFideId "-1"]
[WhiteFideId "-1"]
[PlyCount "140"]
[GameId "2165222718758991"]
[EventDate "2025.04.07"]
[EventType "swiss"]
[EventRounds "5"]
[EventCountry "CAN"]

1. d4 c6 2. c4 d5 3. Nc3 Nf6 4. Nf3 Bg4 5. Bf4 e6 6. e3 Bd6 7. Bxd6 Qxd6 8. c5 Qc7 9. Be2 Nbd7 10. O-O O-O 11. Qc2 h6 12. Rfe1 e5 13. Rac1 a5 14. a3 exd4 15. exd4 Rfe8 16. b4 Bxf3 17. Bxf3 Qf4 18. Ne2 Qg5 19. Ng3 axb4 20. axb4 Rxe1+ 21. Rxe1 Nf8 22. Nf5 Ra3 23. h4 Qf4 24. Ne7+ Kh8 25. Qc1 Qxc1 26. Rxc1 Rb3 27. Ra1 Rxb4 28. Ra8 N6h7 29. Rb8 Rxd4 30. Rxb7 Rc4 31. Nxc6 Rxc5 32. Ne5 d4 33. Nxf7+ Kg8 34. g4 d3 35. Kf1 d2 36. Ke2 Rc3 37. Ne5 Rc2 38. Be4 d1=Q+ 39. Kxd1 Rxf2 40. Rb8 Nf6 41. Bg6 Nd5 42. Bf7+ Rxf7 43. Nxf7 Kxf7 44. Rb7+ Kf6 45. Ke2 Ne6 46. Kf3 Ne7 47. Rb6 Ke5 48. Rb1 Nd5 49. Re1+ Kf6 50. Rg1 Ne7 51. Rf1 Kg6 52. Ke4 Nc5+ 53. Ke5 Ng8 54. Rf5 Nd7+ 55. Ke6 Ngf6 56. h5+ Kh7 57. g5 hxg5 58. Rxg5 Kh6 59. Rg6+ Kh7 60. Kf7 Ne5+ 61. Ke6 Nxg6 62. hxg6+ Kxg6 63. Ke5 Kg5 64. Ke6 Kf4 65. Kf7 g5 66. Kxf6 g4 67. Ke6 g3 68. Kd5 g2 69. Kd4 g1=Q+ 70. Kd5 Qe3 0-1

[Event "Ste-Foy 5 2024-25"]
[Site "Quebec CAN"]
[Date "2025.04.07"]
[Round "1"]
[White "Fillion, Jean-Yves"]
[Black "Soubeyrand, Maxence"]
[Result "1/2-1/2"]
[WhiteElo "1354"]
[BlackElo "1109"]
[WhiteFideId "-1"]
[WhiteFideId "-1"]
[PlyCount "130"]
[GameId "2165222718758990"]
[EventDate "2025.04.07"]
[EventType "swiss"]
[EventRounds "5"]
[EventCountry "CAN"]

1. d4 d5 2. Nf3 Nf6 3. g3 g6 4. Bg2 Bg7 5. O-O O-O 6. Nc3 Nbd7 7. Bf4 c6 8. Re1 Nh5 9. e3 Nxf4 10. exf4 e6 11. Rb1 c5 12. Ne5 cxd4 13. Qxd4 Nxe5 14. fxe5 Bd7 15. Qb4 Qc7 16. Qd6 Qxd6 17. exd6 Bxc3 18. bxc3 b6 19. Bf1 Rfd8 20. c4 Bc6 21. cxd5 exd5 22. Rbd1 Rxd6 23. Rd4 b5 24. c3 Kf8 25. Bg2 a5 26. Red1 Rad8 27. a3 f5 28. f4 Kf7 29. Bf3 Kf6 30. Kf2 Bb7 31. Be2 Rc8 32. Bxb5 Rxc3 33. a4 Rc2+ 34. R1d2 Rxd2+ 35. Rxd2 d4 36. Ke2 Be4 37. Bd3 Ke6 38. Bc4+ Kd7 39. Bd3 Kc6 40. Rb2 h6 41. Rc2+ Kd7 42. Rc4 Ke6 43. Rc5 Ra6 44. Bxe4 fxe4 45. Re5+ Kf6 46. Rxe4 Rd6 47. Kd3 Kf5 48. Rxd4 Ra6 49. h3 Kf6 50. Rd5 Ke6 51. Kc4 Rc6+ 52. Rc5 Ra6 53. Kb5 Ra8 54. Rc6+ Kf5 55. Ra6 Rb8+ 56. Kxa5 Rb3 57. Rb6 Rxg3 58. Kb5 Rxh3 59. a5 g5 60. fxg5 hxg5 61. a6 Ra3 62. Kc6 g4 63. Kb7 g3 64. Rb1 Kg4 65. a7 Kf3 1/2-1/2

[Event "Ste-Foy 5 2024-25"]
[Site "Quebec CAN"]
[Date "2025.04.07"]
[Round "1"]
[White "Laurendeau, Alfred"]
[Black "Couture, Francois"]
[Result "1-0"]
[WhiteElo "1533"]
[BlackElo "1240"]
[WhiteFideId "-1"]
[WhiteFideId "-1"]
[PlyCount "63"]
[GameId "2165222718758997"]
[EventDate "2025.04.07"]
[EventType "swiss"]
[EventRounds "5"]
[EventCountry "CAN"]

1. Nf3 Nf6 2. g3 d5 3. Bg2 c6 4. O-O Nbd7 5. d4 g6 6. c4 Bg7 7. Nc3 O-O 8. cxd5 cxd5 9. Ne5 Nb6 10. a4 e6 11. Bg5 a6 12. a5 Nbd7 13. Qd2 Qc7 14. Bf4 Nxe5 15. Bxe5 Qe7 16. Rfc1 Rd8 17. Na4 Ne4 18. Qc2 Bxe5 19. dxe5 Qb4 20. Nb6 Rb8 21. Qc7 Nd2 22. Qxd8+ Kg7 23. Rxc8 Rxc8 24. Qxc8 Qxb2 25. Qc1 Qb4 26. Ra4 Qb5 27. Qxd2 Qc5 28. Rh4 h5 29. Qg5 Qxa5 30. Rxh5 Kg8 31. Qd8+ Kg7 32. Qh8# 1-0

[Event "Ste-Foy 5 2024-25"]
[Site "Quebec CAN"]
[Date "2025.04.07"]
[Round "1"]
[White "Lizotte, Olivier"]
[Black "Zarrari, Aissame"]
[Result "0-1"]
[WhiteElo "1200"]
[BlackElo "1449"]
[WhiteFideId "-1"]
[WhiteFideId "-1"]
[PlyCount "98"]
[GameId "2165222718763094"]
[EventDate "2025.04.07"]
[EventType "swiss"]
[EventRounds "5"]
[EventCountry "CAN"]

1. Nf3 Nf6 2. d4 d6 3. Nc3 e6 4. e4 Nbd7 5. g3 c6 6. Bg2 Be7 7. Bd2 Qb6 8. b3 e5 9. d5 c5 10. O-O O-O 11. a4 Qd8 12. a5 a6 13. Na4 Nxe4 14. Re1 Nxd2 15. Qxd2 Bf6 16. Ra2 Re8 17. Re4 Nf8 18. Nb6 Rb8 19. g4 Ng6 20. g5 Bf5 21. Re3 Bxg5 22. Nxg5 Qxg5 23. Qc3 Nf4 24. Kf1 Qxg2+ 25. Ke1 Qg1+ 26. Kd2 Qxf2+ 27. Kc1 Ne2+ 28. Rxe2 Qxe2 29. Nc4 Red8 30. h4 Qg4 31. Ne3 Qf4 32. Kb2 Bg6 33. Ra4 Qf3 34. Qd2 f5 35. Ng2 Qh5 36. Ra1 f4 37. Qf2 Be4 38. Ne1 Bxd5 39. c4 Be4 40. Rc1 b5 41. cxb5 Rxb5 42. Ra1 c4 43. Ra3 Rxb3+ 44. Rxb3 cxb3 45. Kxb3 Rb8+ 46. Kc3 Qf7 47. Nc2 Qb3+ 48. Kd2 Qxc2+ 49. Ke1 Rb1# 0-1

[Event "Ste-Foy 5 2024-25"]
[Site "Quebec CAN"]
[Date "2025.04.07"]
[Round "1"]
[White "Pepin, Pierre-Luc"]
[Black "Poitras, Marc"]
[Result "1-0"]
[WhiteElo "1010"]
[BlackElo "1351"]
[WhiteFideId "-1"]
[WhiteFideId "-1"]
[PlyCount "83"]
[GameId "2165222718754893"]
[EventDate "2025.04.07"]
[EventType "swiss"]
[EventRounds "5"]
[EventCountry "CAN"]

1. e4 d6 2. d4 Nf6 3. Nc3 g6 4. Nf3 Bg7 5. Bc4 c6 6. O-O O-O 7. Re1 Bg4 8. Bf4 Nbd7 9. Be2 Qc7 10. Qd2 e5 11. dxe5 dxe5 12. Bh6 Rad8 13. Qe3 b6 14. b4 a5 15. bxa5 b5 16. Nd2 Qxa5 17. Bxg7 Kxg7 18. Bxg4 Nxg4 19. Qg3 h5 20. Nb3 Qb6 21. h3 Nh6 22. Qe3 Qa6 23. Nc5 Qa3 24. Nxd7 Rxd7 25. Rad1 Rfd8 26. Rxd7 Rxd7 27. Ra1 Qb2 28. Rc1 b4 29. Nb1 Qxa2 30. Qb3 Qa5 31. c3 Rd3 32. cxb4 Qb5 33. Nc3 Qb7 34. Qc4 Rd4 35. Qc5 f6 36. Na2 Rd2 37. Rc2 Rd1+ 38. Kh2 Rd6 39. Qxd6 c5 40. Rxc5 Qxe4 41. Qd2 Nf5 42. Rc7+ 1-0

[Event "Ste-Foy 5 2024-25"]
[Site "Quebec CAN"]
[Date "2025.04.07"]
[Round "1"]
[White "Savard, Alexandre"]
[Black "Blais, Pierre-Luc"]
[Result "1-0"]
[WhiteElo "1812"]
[BlackElo "1497"]
[WhiteFideId "-1"]
[WhiteFideId "-1"]
[PlyCount "94"]
[GameId "2165222718758994"]
[EventDate "2025.04.07"]
[EventType "swiss"]
[EventRounds "5"]
[EventCountry "CAN"]

1. e4 c6 2. Nf3 d5 3. Nc3 dxe4 4. Nxe4 Nf6 5. Qe2 Nxe4 6. Qxe4 Nd7 7. Bc4 Nf6 8. Ne5 e6 9. Qe2 Bd6 10. d4 O-O 11. O-O Qc7 12. c3 c5 13. Bd3 cxd4 14. cxd4 Nd7 15. Bf4 Nf6 16. Rac1 Qd8 17. Bg5 Be7 18. Rfd1 Nd5 19. Qe4 g6 20. Bxe7 Qxe7 21. Bc4 Rd8 22. Qf3 Rd6 23. h4 Bd7 24. h5 Kg7 25. Bb3 f6 26. Nc4 Rc6 27. Na5 Rxc1 28. Rxc1 Qb4 29. Nc4 b5 30. a3 Qe7 31. Ne3 Rc8 32. Rxc8 Bxc8 33. Nxd5 exd5 34. Qxd5 Qe1+ 35. Kh2 Bf5 36. hxg6 hxg6 37. Qg8+ Kh6 38. Qh8+ Kg5 39. Kg3 Qe4 40. Qb8 Qg4+ 41. Kh2 Qxd4 42. Qg3+ Qg4 43. f4+ Kh6 44. Qf2 Qh5+ 45. Kg1 Kg7 46. Qxa7+ Kh6 47. Qb8 Qe2 1-0

[Event "Ste-Foy 5 2024-25"]
[Site "Quebec CAN"]
[Date "2025.04.07"]
[Round "1"]
[White "Tremblay, Noah"]
[Black "Caron-Ouellette, Charles"]
[Result "1-0"]
[WhiteElo "1646"]
[BlackElo "1334"]
[WhiteFideId "-1"]
[WhiteFideId "-1"]
[PlyCount "143"]
[GameId "2165222718758993"]
[EventDate "2025.04.07"]
[EventType "swiss"]
[EventRounds "5"]
[EventCountry "CAN"]

1. e4 e5 2. Nf3 Nc6 3. Bb5 a6 4. Ba4 d6 5. c3 f5 6. exf5 Bxf5 7. O-O Bd3 8. Re1 Be7 9. Bc2 Bxc2 10. Qxc2 Nf6 11. d4 e4 12. Ng5 d5 13. Ne6 Qd7 14. Nc5 Bxc5 15. dxc5 O-O 16. h3 Ne5 17. Kh2 Nd3 18. Rf1 Nxc5 19. Be3 Nd3 20. Nd2 Rf7 21. Nb3 b6 22. Nc1 Nxc1 23. Raxc1 Qd6+ 24. g3 Nd7 25. Bf4 Ne5 26. Bxe5 Qxe5 27. Rce1 Raf8 28. Qe2 e3 29. f4 Qe4 30. Qxe3 Re8 31. Qxe4 Rxe4 32. Rxe4 dxe4 33. Re1 Re7 34. g4 Kf7 35. Kg3 Kf6 36. Rd1 g6 37. Kf2 g5 38. f5 h5 39. Ke3 hxg4 40. hxg4 Ke5 41. Rd4 Kf6 42. Rxe4 Re5 43. Rxe5 Kxe5 44. a4 b5 45. axb5 axb5 46. b4 c6 47. Kd3 Kd5 48. Ke3 Ke5 49. Kd3 Kd5 50. f6 Ke6 51. c4 Kxf6 52. cxb5 cxb5 53. Kd4 Ke6 54. Kc5 Ke5 55. Kxb5 Kf4 56. Kc4 Kxg4 57. b5 Kh3 58. b6 g4 59. b7 g3 60. b8=Q g2 61. Qh8+ Kg3 62. Qe5+ Kh3 63. Qe3+ Kh2 64. Qf2 Kh1 65. Qh4+ Kg1 66. Kd3 Kf1 67. Qh2 Kf2 68. Qf4+ Kg1 69. Ke2 Kh1 70. Qh4+ Kg1 71. Qg3 Kh1 72. Kf2 1-0

[Event "Ste-Foy 5 2024-25"]
[Site "Quebec CAN"]
[Date "2025.04.07"]
[Round "1"]
[White "Vallee, Maxime"]
[Black "Luo, Zhao Yang"]
[Result "0-1"]
[WhiteElo "1250"]
[BlackElo "2059"]
[WhiteFideId "-1"]
[WhiteFideId "-1"]
[PlyCount "44"]
[GameId "2165222718758996"]
[EventDate "2025.04.07"]
[EventType "swiss"]
[EventRounds "5"]
[EventCountry "CAN"]

1. e4 c6 2. d4 d5 3. exd5 cxd5 4. g3 Nc6 5. Bg2 Nf6 6. Ne2 Bg4 7. Nbc3 Qd7 8. O-O h5 9. a3 h4 10. Bg5 Qf5 11. Bxf6 gxf6 12. Nxd5 hxg3 13. fxg3 Qh5 14. Ndf4 Qxh2+ 15. Kf2 Bxe2 16. Nxe2 Qh7 17. Rh1 Bh6 18. Nf4 O-O-O 19. Bxc6 bxc6 20. c3 e5 21. Ne2 Qf5+ 22. Kg2 Qe4+ 0-1

[Event "Ste-Foy 5 2024-25"]
[Site "Quebec CAN"]
[Date "2025.04.07"]
[Round "1"]
[White "Wafer, Jacques"]
[Black "Cantin, Guillaume"]
[Result "1/2-1/2"]
[WhiteElo "1402"]
[BlackElo "1181"]
[WhiteFideId "-1"]
[WhiteFideId "-1"]
[PlyCount "56"]
[GameId "2165222718758992"]
[EventDate "2025.04.07"]
[EventType "swiss"]
[EventRounds "5"]
[EventCountry "CAN"]

1. e4 e6 2. Nf3 d5 3. d4 dxe4 4. Ng5 Nf6 5. c3 h6 6. Nh3 b6 7. Bb5+ c6 8. Be2 Bd6 9. Be3 O-O 10. Bf4 Bxf4 11. Nxf4 Nd5 12. Nxd5 exd5 13. O-O Nd7 14. Na3 Nf6 15. Nc2 Re8 16. Ne3 c5 17. Qd2 c4 18. b3 b5 19. bxc4 bxc4 20. Rfb1 Ba6 21. Bd1 Rb8 22. Ba4 Rxb1+ 23. Rxb1 Re7 24. Bc6 Rc7 25. Ba4 Rb7 26. Rxb7 Bxb7 27. Qb2 Qb6 28. Qxb6 axb6 1/2-1/2

[Event "Ste-Foy 5 2024-25"]
[Site "Quebec CAN"]
[Date "2025.04.14"]
[Round "2"]
[White "Cantin, Guillaume"]
[Black "Tremblay, Charles"]
[Result "1-0"]
[WhiteElo "1181"]
[BlackElo "1465"]
[WhiteFideId "-1"]
[WhiteFideId "-1"]
[PlyCount "87"]
[GameId "2169050570915989"]
[EventDate "2025.04.07"]
[EventType "swiss"]
[EventRounds "5"]
[EventCountry "CAN"]

1. d4 e6 2. c4 d5 3. Nf3 Nf6 4. Nc3 Bb4 5. cxd5 Nxd5 6. Bd2 Nc6 7. Nxd5 Bxd2+ 8. Qxd2 exd5 9. e3 Be6 10. Bd3 Qe7 11. O-O O-O 12. a3 f5 13. Rac1 a6 14. Rc3 Qf6 15. Rfc1 Rf7 16. Qc2 Rc8 17. Bxa6 Na5 18. Bd3 Nc4 19. Bxc4 dxc4 20. Ne5 Re7 21. Nxc4 Bd5 22. Ne5 c6 23. Rc5 Rf8 24. b4 Qg5 25. g3 Qh5 26. b5 Rxe5 27. dxe5 Qf3 28. Rxd5 Qxd5 29. Qc4 Qxc4 30. Rxc4 cxb5 31. Rb4 Rf7 32. Rxb5 Re7 33. f4 Kf7 34. Kf2 Rc7 35. Ke2 Ke7 36. Kd3 Ke6 37. Rb6+ Kd5 38. Rd6+ Kc5 39. Rd4 b5 40. e4 g6 41. Rd5+ Kc6 42. Kd4 Kb6 43. Rd6+ Kb7 44. exf5 1-0

[Event "Ste-Foy 5 2024-25"]
[Site "Quebec CAN"]
[Date "2025.04.14"]
[Round "2"]
[White "Caron-Ouellette, Charles"]
[Black "Blais, Pierre-Luc"]
[Result "1-0"]
[WhiteElo "1334"]
[BlackElo "1497"]
[WhiteFideId "-1"]
[WhiteFideId "-1"]
[PlyCount "77"]
[GameId "2169050570915993"]
[EventDate "2025.04.07"]
[EventType "swiss"]
[EventRounds "5"]
[EventCountry "CAN"]

1. e4 c6 2. Nf3 d5 3. Nc3 dxe4 4. Nxe4 Nf6 5. Qe2 Nxe4 6. Qxe4 Nd7 7. Bc4 Nf6 8. Ne5 e6 9. Qe2 Bd6 10. d4 O-O 11. Bg5 Qa5+ 12. c3 Nd5 13. Be3 Nxc3 14. Qd2 Bb4 15. O-O Nd5 16. Qc2 Nxe3 17. fxe3 Bd6 18. Nxf7 Rxf7 19. Rxf7 Bxh2+ 20. Kxh2 Qh5+ 21. Kg1 Qxf7 22. Rf1 Qe7 23. Bd3 g6 24. Bxg6 hxg6 25. Qxg6+ Qg7 26. Qe8+ Kh7 27. Rf7 Qxf7 28. Qxf7+ Kh6 29. Kf2 b6 30. Qc7 c5 31. dxc5 bxc5 32. Qxc5 Bb7 33. Qe7 Bd5 34. a3 Rc8 35. e4 Rc2+ 36. Ke3 Bb3 37. Qf6+ Kh7 38. g4 Rc4 39. g5 1-0

[Event "Ste-Foy 5 2024-25"]
[Site "Quebec CAN"]
[Date "2025.04.14"]
[Round "2"]
[White "Deschenes, Andre-Philippe"]
[Black "Vallee, Maxime"]
[Result "0-1"]
[WhiteElo "1162"]
[BlackElo "1250"]
[WhiteFideId "-1"]
[WhiteFideId "-1"]
[PlyCount "78"]
[GameId "2169050570911890"]
[EventDate "2025.04.07"]
[EventType "swiss"]
[EventRounds "5"]
[EventCountry "CAN"]

1. d4 d5 2. c4 Nf6 3. cxd5 Qxd5 4. Nc3 Qd6 5. Nf3 b6 6. e4 Qd8 7. Bf4 a6 8. Bc4 e6 9. O-O Bb4 10. Qa4+ Nc6 11. Qxc6+ Bd7 12. Qxc7 Qxc7 13. Bxc7 Rc8 14. Be5 Rxc4 15. Bxf6 gxf6 16. Rac1 Ke7 17. Nd5+ exd5 18. Rxc4 dxc4 19. a3 Bd6 20. Re1 b5 21. d5 Be5 22. Rb1 h5 23. Kf1 Rc8 24. Nxe5 fxe5 25. Rc1 Kd6 26. f3 f5 27. Rc3 a5 28. Kf2 b4 29. axb4 axb4 30. Rc2 Ba4 31. Rc1 c3 32. bxc3 Rxc3 33. Rxc3 bxc3 34. Ke2 Bc2 35. g3 fxe4 36. fxe4 Bxe4 37. h3 Kxd5 38. g4 hxg4 39. hxg4 Kc4 0-1

[Event "Ste-Foy 5 2024-25"]
[Site "Quebec CAN"]
[Date "2025.04.14"]
[Round "2"]
[White "Dionne, Frederick"]
[Black "Tremblay, Noah"]
[Result "0-1"]
[WhiteElo "1354"]
[BlackElo "1646"]
[WhiteFideId "-1"]
[WhiteFideId "-1"]
[PlyCount "76"]
[GameId "2169050570920091"]
[EventDate "2025.04.07"]
[EventType "swiss"]
[EventRounds "5"]
[EventCountry "CAN"]

1. e4 e5 2. Nc3 Nf6 3. f4 d5 4. fxe5 Nxe4 5. Qf3 f5 6. d4 c5 7. Bb5+ Bd7 8. Bxd7+ Qxd7 9. Nge2 cxd4 10. Nxd4 Bc5 11. e6 Qd8 12. Nxf5 O-O 13. Nxe4 dxe4 14. Qg4 Qa5+ 15. Ke2 Qb5+ 16. Kd1 Rxf5 17. Qxf5 Nc6 18. Rf1 Rd8+ 19. Ke1 Nd4 20. Qxe4 Re8 21. Qd3 Qxd3 22. cxd3 Nc2+ 23. Kd2 Nxa1 24. Rf7 Be3+ 25. Kd1 Rxe6 26. Rxb7 Bd4 27. Rd7 Bf2 28. b3 Ra6 29. Bb2 Rxa2 30. Rd8+ Kf7 31. Bxa1 Rxa1+ 32. Kc2 Bb6 33. Rd7+ Kf6 34. d4 Ra2+ 35. Kc3 Rxg2 36. Rd6+ Ke7 37. Rd5 Rxh2 38. Re5+ Kf6 0-1

[Event "Ste-Foy 5 2024-25"]
[Site "Quebec CAN"]
[Date "2025.04.14"]
[Round "2"]
[White "Houde, Louis-Thomas"]
[Black "Pepin, Pierre-Luc"]
[Result "1-0"]
[WhiteElo "1399"]
[BlackElo "1010"]
[WhiteFideId "-1"]
[WhiteFideId "-1"]
[PlyCount "39"]
[GameId "2169050570915992"]
[EventDate "2025.04.07"]
[EventType "swiss"]
[EventRounds "5"]
[EventCountry "CAN"]

1. e4 e6 2. Nf3 d5 3. e5 c5 4. c3 f6 5. d4 Nc6 6. Bb5 Bd7 7. Nh4 g6 8. Qg4 Nh6 9. Bxh6 Bxh6 10. Nxg6 hxg6 11. Qxg6+ Kf8 12. exf6 Be8 13. Qg3 c4 14. O-O Qxf6 15. Re1 Bf4 16. Qg4 Bxh2+ 17. Kf1 Bc7 18. Rxe6 Qf4 19. Qxf4+ Bxf4 20. Rf6+ 1-0

[Event "Ste-Foy 5 2024-25"]
[Site "Quebec CAN"]
[Date "2025.04.14"]
[Round "2"]
[White "Poitras, Marc"]
[Black "Lebel, Michel"]
[Result "1-0"]
[WhiteElo "1351"]
[BlackElo "1025"]
[WhiteFideId "-1"]
[WhiteFideId "-1"]
[PlyCount "47"]
[GameId "2169050570915987"]
[EventDate "2025.04.07"]
[EventType "swiss"]
[EventRounds "5"]
[EventCountry "CAN"]

1. d4 e6 2. Nf3 d5 3. c4 Nf6 4. Nc3 Bb4 5. Bg5 O-O 6. a3 Be7 7. e3 c6 8. c5 Re8 9. Bd3 b5 10. Qc2 g6 11. b4 Nbd7 12. a4 bxa4 13. Rxa4 Qc7 14. e4 e5 15. exd5 cxd5 16. O-O Bb7 17. b5 e4 18. Nxd5 Bxd5 19. c6 exf3 20. cxd7 Qxc2 21. dxe8=Q+ Rxe8 22. Bxc2 fxg2 23. Re1 Kg7 24. Rxa7 1-0